<?xml version="1.0" encoding="UTF-8"?>
<marc:record xmlns:marc="http://www.loc.gov/MARC21/slim">
   <marc:leader>00000nam a2200000 a 4500</marc:leader>
   <marc:datafield ind1=" " ind2=" " tag="653">
      <marc:subfield code="a">Judenverfolgung</marc:subfield>
   </marc:datafield>
   <marc:datafield ind1="0" ind2="0" tag="245">
      <marc:subfield code="a">Inglourious Basterds [Bildtonträger] - der neue Film von Quentin   Tarantino</marc:subfield>
   </marc:datafield>
   <marc:datafield ind1="0" ind2="0" tag="245">
      <marc:subfield code="b">Freigegeben ab 16 Jahren</marc:subfield>
   </marc:datafield>
   <marc:datafield ind1=" " ind2="1" tag="264">
      <marc:subfield code="b">Universal Pictures Germany GmbH</marc:subfield>
      <marc:subfield code="c">2009</marc:subfield>
   </marc:datafield>
   <marc:datafield ind1="1" ind2=" " tag="520">
      <marc:subfield code="a">Irgendwo im von Nazis besetztenFrankreich: Shosanna Dreyfuss muss mitansehen, wie ihre Familie vom "Judenjäger" Oberst Landa grausam hingerichtet wird. Durch Zufall kann sie entkommen und flieht nach Paris, wo sie sich als Kinobesitzerin eine neue Identität aufbaut. Brillante Bösewichte, todesmutige Helden und eine unvergessliche Gescichte - Quentin Tarantinos atemberaubendes Meisterwerk schreibt ein neues Kapitel des Zweiten Weltkrieges und beweist, dass die Magie des Kinos unbesiegbar ist.</marc:subfield>
   </marc:datafield>
</marc:record>
